טוען...
Pocket volume of selections form the poetical works /
| מחבר ראשי: | |
|---|---|
| שפה: | Undetermined |
| יצא לאור: |
1906.
|
| LEADER | 00399nam a2200121Ia 4500 | ||
|---|---|---|---|
| 001 | 34680 | ||
| 008 | 170722s9999 xx 000 0 und d | ||
| 100 | |a Browning, Rosbert | ||
| 245 | |a Pocket volume of selections form the poetical works / | ||
| 260 | |c 1906. | ||
| 942 | |c GEN | ||
| 999 | |c 32469 |d 32469 | ||
| 952 | |0 0 |1 0 |4 0 |6 O_1M121X_D6_CR |7 0 |9 41497 |a LIB |b LIB |d 2017-08-12 |o O-,1M121x D6 (CR) |p 18211 |r 2017-08-12 |w 2017-08-12 |y GEN | ||